| Поле | Инд. | ПП | Название | Значение |
|---|---|---|---|---|
| Тип записи | a | |||
| Библиографический уровень | b | |||
| 001 | Контрольный номер | RU/IS/BASE/128518884 | ||
| 005 | Дата корректировки | 20200610181753.4 | ||
| 084 | a | Индекс другой классификации/Индекс ББК | 63.3(2)44-3 | |
| a | Индекс другой классификации/Индекс ББК | 63.3(2)42-99-3 | ||
| 100 | 1_ | a | Автор | Кульпин Э. С. |
| 245 | a | Заглавие | Две смуты: опыт сравнения | |
| 504 | a | Библиография | Библиогр.: с. 107 | |
| 650 | a | Основная рубрика | внутренняя политика | |
| a | Основная рубрика | история | ||
| a | Основная рубрика | политика | ||
| 653 | a | Ключевые слова | XIV век | |
| a | Ключевые слова | XVII век | ||
| a | Ключевые слова | Великая Замятня | ||
| a | Ключевые слова | движение населения | ||
| a | Ключевые слова | Золотая Орда | ||
| a | Ключевые слова | история хозяйства | ||
| a | Ключевые слова | миграции | ||
| a | Ключевые слова | Московское княжество | ||
| a | Ключевые слова | население | ||
| a | Ключевые слова | политический кризис | ||
| a | Ключевые слова | Россия | ||
| a | Ключевые слова | Смутное время | ||
| a | Ключевые слова | сравнительный исторический анализ | ||
| a | Ключевые слова | экологические факторы | ||
| a | Ключевые слова | экологический кризис | ||
| a | Ключевые слова | экономические факторы | ||
| 773 | t | Заглавие источника | Общественные науки и современность | |
| d | Дата издания источника | 2003 | ||
| g | Прочая информация | № 5. - С. 96 - 107 | ||
| w | Контрольный № источника | RU/IS/BASE/118154823 | ||
| 901 | t | Тип документа | b |